Financial enterprise risk management / (Record no. 20600)
[ view plain ]
| 000 -LEADER | |
|---|---|
| fixed length control field | 01977cam a22002895a 4500 |
| 001 - CONTROL NUMBER | |
| control field | 16823847 |
| 005 - DATE AND TIME OF LATEST TRANSACTION | |
| control field | 20151207142814.0 |
| 008 - FIXED-LENGTH DATA ELEMENTS--GENERAL INFORMATION | |
| fixed length control field | 110611r20122011enka frb f001 0 eng d |
| 020 ## - INTERNATIONAL STANDARD BOOK NUMBER | |
| International Standard Book Number | 9780521111645 (hardback) |
| 040 ## - CATALOGING SOURCE | |
| Original cataloging agency | DLC |
| Language of cataloging | eng |
| Transcribing agency | DLC |
| Modifying agency | BTCTA |
| -- | YDXCP |
| -- | UKMGB |
| -- | SINLB |
| -- | BWX |
| -- | IUL |
| -- | CDX |
| -- | PUL |
| -- | DLC |
| -- | EG-ScBUE |
| -- | EG-ScBUE |
| 082 04 - DEWEY DECIMAL CLASSIFICATION NUMBER | |
| Classification number | 332.10681 |
| Item number | SWE |
| Edition number | 22 |
| 100 1# - MAIN ENTRY--PERSONAL NAME | |
| Personal name | Sweeting, Paul. |
| 9 (RLIN) | 38860 |
| 245 10 - TITLE STATEMENT | |
| Title | Financial enterprise risk management / |
| Statement of responsibility, etc | Paul Sweeting. |
| 250 ## - EDITION STATEMENT | |
| Materials specified | Reprinted ed. |
| 260 ## - PUBLICATION, DISTRIBUTION, ETC. (IMPRINT) | |
| Place of publication, distribution, etc | Cambridge ; |
| Name of publisher, distributor, etc | Cambridge University Press, |
| Date of publication, distribution, etc | 2012. |
| 300 ## - PHYSICAL DESCRIPTION | |
| Extent | xii, 551 p. : |
| Other physical details | ill. ; |
| Dimensions | 24 cm. |
| 490 0# - SERIES STATEMENT | |
| Series statement | International series on actuarial science |
| 500 ## - GENERAL NOTE | |
| General note | Index : p. 540-551. |
| 500 ## - GENERAL NOTE | |
| General note | Reprint of the 2011 ed. |
| 504 ## - BIBLIOGRAPHY, ETC. NOTE | |
| Bibliography, etc | Bibliography : p. 527-539. |
| 520 ## - SUMMARY, ETC. | |
| Summary, etc | "Financial Enterprise Risk Management provides all the tools needed to build and maintain a comprehensive ERM framework. As well as outlining the construction of such frameworks, it discusses the internal and external contexts within which risk management must be carried out. It also covers a range of qualitative and quantitative techniques that can be used to identify, model and measure risks, and describes a range of risk mitigation strategies. Over 100 diagrams are used to help describe the range of approaches available, and risk management issues are further highlighted by various case studies. A number of proprietary, advisory and mandatory risk management frameworks are also discussed, including Solvency II, Basel III and ISO 31000:2009. This book is an excellent resource for actuarial students studying for examinations, for risk management practitioners and for any academic looking for an up-to-date reference to current techniques." |
| 650 #0 - SUBJECT ADDED ENTRY--TOPICAL TERM | |
| Topical term or geographic name as entry element | Financial institutions |
| General subdivision | Risk management. |
| Source of heading or term | BUEsh |
| 650 #0 - SUBJECT ADDED ENTRY--TOPICAL TERM | |
| Topical term or geographic name as entry element | Financial services industry |
| General subdivision | Risk management. |
| Source of heading or term | BUEsh |
| 651 ## - SUBJECT ADDED ENTRY--GEOGRAPHIC NAME | |
| Source of heading or term | BUEsh |
| 653 ## - INDEX TERM--UNCONTROLLED | |
| Resource For college | BAEPS, Business Administration |
| Arrived date list | August2015 |
| -- | December2015 |
| 942 ## - ADDED ENTRY ELEMENTS (KOHA) | |
| Source of classification or shelving scheme | Dewey Decimal Classification |
| Call number prefix | 332.10681 SWE |
| Withdrawn status | Lost status | Source of classification or shelving scheme | Damaged status | Not for loan | Koha collection | Home library | Current library | Shelving location | Date acquired | Source of acquisition | Cost, normal purchase price | Serial Enumeration / chronology | Total Checkouts | Full call number | Barcode | Date last seen | Cost, replacement price | Koha item type |
|---|---|---|---|---|---|---|---|---|---|---|---|---|---|---|---|---|---|---|
| Dewey Decimal Classification | Baccah | Central Library | Central Library | First floor | 18/08/2015 | Purchase | 1575.00 | 21758 | 332.10681 SWE | 000030826 | 15/07/2025 | 1968.75 | Book - Borrowing |